De quelle gâre parisienne pouvons nous y aller? - Statistiques

Statistiques générales
  • Ce quiz a été pris 585 fois
    449 depuis la dernière actualisation
  • Le résultat moyen est 35 sur 42
Statistiques - réponses
Ville Gare Parisienne % Correct
Lille Gare du Nord
98%
Lyon Gare de Lyon
94%
Marseille Gare de Lyon
92%
Strasbourg Gare de l'Est
91%
Calais Gare du Nord
91%
Toulon Gare de Lyon
90%
Saint Etienne Gare de Lyon
90%
Caen Gare Saint Lazare
90%
Grenoble Gare de Lyon
89%
Rennes Gare Montparnasse
89%
Aix en Provence Gare de Lyon
88%
Tours Gares Montparnasse et Austerlitz
88%
Orléans Gare Austerlitz
87%
Reims Gare de l'Est
87%
Nice Gare de Lyon
87%
Mulhouse Gare de l'Est et Gare de Lyon
86%
Montpellier Gare de Lyon
86%
Nantes Gare Montparnasse
86%
Bordeaux Gare Montparnasse
86%
Dijon Gare de Lyon
85%
Annecy Gare de Lyon
85%
La Rochelle Gare Montparnasse
85%
Perpignan Gare de Lyon
84%
Dunkerque Gare du Nord
84%
Alençon Gare Montparnasse
84%
Lourdes Gare Montparnasse et Austerlitz
84%
Besançon Gare de Lyon
82%
Angers Gare Montparnasse
82%
Le Havre Gare Saint Lazare
82%
Metz Gare de l'Est
81%
Narbonne Gare de Lyon
81%
Toulouse Gares Montparnasse et Austerlitz
81%
Brive La Gaillarde Gare Austerlitz
80%
Laon Gare du Nord
79%
Nîmes Garede Lyon
78%
Le Mans Gare Montparnasse
77%
Limoges Gare Austerlitz
76%
Nancy Gare de l'Est
76%
Amiens Gare du Nord
75%
Brest Gare Montparnasse
73%
Rouen Gare Saint Lazare
72%
Clermont Ferrand Gare de Bercy
68%
Aucun quiz correspondant
Distribution des résultats
% des personnes avec chaque résultat
Percentile par nombre de réponses
Votre historique - résultats
Vous n’avez pas pris ce quiz depuis la dernière actualisation